000 01247cac a22002771u 4500
090 _c4119
008 090112t1996xxu||||| |||| 00| 0 eng d
010 _a95047169
020 _a013205535X
020 _a0132136384
082 0 0 _a658.1511
_bHOR
100 _aHorngren, Charles T.,
245 1 0 _aIntroduction to Management Accounting /
_cCharles T. Horngren, Gary L. Sundem, William O. Stratton.
246 3 0 _aManagement accounting
250 _a10th ed.
_bInternational Edition.
260 _aUpper Saddle River, NJ :
_bPrentice Hall,
_cc1996.
300 _axxii, 837 p. :
_bcol. ill. ;
_c26 cm.
440 0 _aPrentice Hall series in accounting
504 _aIncludes bibliographical references (p. 800-805) and index.
650 0 _aManagerial accounting.
700 1 _aSundem, Gary L.
700 1 _aStratton, William O.
942 _cBB
_k658.1511HOR
_2ddc
999 _c4119
_d4119